000 00684nam a2200289Ia 4500
005 20260324150659.0
008 008 260324s9999 xx 000 0 eng d
020 _a9780429317989
037 _aEBOOK
040 _aCRL
040 _beng
040 _cCRL
041 _2eng
041 _aeng
084 _qCRL
100 _aGeorge L. Kline; George L. Kline
_91227240
245 0 _aSpinoza in Soviet Philosophy
245 2 _bA Series of Essays
260 _bTaylor and Francis
260 _c1952
365 _a
365 _b170
856 _uhttp://www.taylorfrancis.com/books/9780429317989
942 _cEBOOK
999 _c1837136
_d1837136